| 000 | 01127cam a2200241 4500 | ||
|---|---|---|---|
| 001 | WB3610-42 | ||
| 008 | 000000n2000 000 0 eng u | ||
| 035 | _a(Sirsi) u104726 | ||
| 245 | _aNegligent valuation | ||
| 260 | _c2000 | ||
| 490 |
_aEstates Gazette Case Summaries _v[1999] EGCS 30 (1) |
||
| 520 | _aChD 25 February 2000. "Howkins & Harrison (a firm) v Tyler and another". The claimant firm of surveyors carried out a revaluation on a property, and a loan was subsequently made to the defendants, who defaulted. The bank brought proceedings against the claimants, claiming that the property had been negligently overvalued. The claimant paid £400,000 in settlement, and then brought proceedings against the defendants under the Civil Liability (Contribution) Act 1978. "Held" No claim lay against the defendants. | ||
| 590 | _aWB | ||
| 650 | _aNEGLIGENCE | ||
| 650 | _aREVALUATION | ||
| 650 | _aOVER VALUATION | ||
| 650 | _aCIVIL LIABILITY (CONTRIBUTION) ACT 1978 | ||
| 650 | _aDAMAGES | ||
| 650 | _aLIABILITY | ||
| 650 | _aMORTGAGE DEFAULT | ||
| 690 | _aPROFESSIONAL PRACTICE-NEGLIGENCE | ||
| 942 | _n0 | ||
| 999 |
_c62821 _d62821 |
||